[Event "ISR-chT"]
[Site "Israel"]
[Date "2003.03.21"]
[Round "7"]
[White "Liss, Eran"]
[Black "Gofshtein, Leonid D"]
[Result "1/2-1/2"]
[WhiteElo "2487"]
[BlackElo "2519"]
[Annotator "Gofshtein,L"]
[PlyCount "69"]
[EventDate "2003.01.??"]
[EventType "team"]
[EventRounds "11"]
[EventCountry "ISR"]
[SourceTitle "CBM 094"]
[Source "ChessBase"]
[SourceDate "2003.05.26"]
[SourceVersion "1"]
[SourceVersionDate "2003.05.26"]
[SourceQuality "1"]

1. e4 {[%mdl 4]} d5 2. exd5 Qxd5 3. Nc3 Qd6 {This variation has become popular
recently; Black's play looks "anti-positional", but there is no direct way to
refute! 3...Qd6 variation is a part of opening repertoire of GMs like A.
Beljavsky, D.Bronstein, B.Kurajica and I.Sermec;} 4. d4 Nf6 5. Nf3 a6 6. g3 {
Bishop's fianchetto of white is one of dangerous plans for black;} Bg4 {
Another popular continuation is 6...b5; According GM games, black may equalize
in this line, for example:} (6... b5 7. Bg2 Bb7 8. O-O e6 9. Bf4 Qb6 10. a4 (
10. Ne5 Bxg2 11. Kxg2 Qb7+ 12. Qf3 Qxf3+ 13. Kxf3 Bb4 (13... Nbd7 14. Nxd7 (14.
Nc6 Nb6 15. a4 b4 16. Ne4 Nfd5 17. a5 Nc4 18. b3 Na3 19. Rfc1 Nb5 20. Bd2 f5
$132 {1/2-1/2 Kengis,E-Beliavsky,A/Bled 2002/EXT 2003 (45)}) 14... Kxd7 15.
Rfd1 c6 16. Ne4 Nd5 17. Nc5+ Bxc5 18. dxc5 f6 19. Bd6 a5 20. Rac1 Ra7 {0-1
Hossain,E-Sermek,D/Dhaka 2002/CBM 87 ext (37)}) 14. a4 Bxc3 15. bxc3 bxa4 16.
Rxa4 Nd5 17. c4 Nxf4 18. Kxf4 f6 19. Nd3 Nc6 20. d5 exd5 21. cxd5 Ne7 22. c4
Kf7 23. Rfa1 Rhd8 24. Rxa6 Rxa6 25. Rxa6 c6 $11 {1/2-1/2 Pavasovic,D-Sermek,D/
Portoroz 2001/CBM 85 (31)}) 10... Bd6 $5 11. Be3 (11. Ne5 Bxg2 12. Kxg2 Qb7+
13. Qf3 Qxf3+ 14. Kxf3 b4 15. Ne4 Nd5 16. c4 Nxf4 17. gxf4 f6 18. Nxd6+ cxd6
19. Nd3 Nc6 $132 {0-1 Kelleher,N-Morin,G/Brest 2002/EXT 2003 (37)}) (11. Bxd6
cxd6 12. axb5 axb5 13. Qd3 b4 14. Na4 Qa5 15. c4 bxc3 16. Qxc3 Qxc3 17. bxc3
Nbd7 $15 {0-1 Satyapragyan,S-Sermek,D/Calcutta 2002/CBM 88 (52)}) 11... c5 12.
axb5 axb5 13. Qe2 Rxa1 14. Rxa1 Bxf3 15. dxc5 Bxc5 16. Bxc5 Qxc5 17. Bxf3 b4
18. Ne4 Nxe4 19. Qxe4 O-O 20. Ra4 $16 {1-0 Almasi,Z-Kurajica,B/Bled 2002/EXT
2003 (50)}) 7. Bg2 Nc6 8. O-O O-O-O 9. h3 $5 {9.d5 leads to danger for black
as well; The point of it is that black can't grab d5 pawn in view of 9...Nd5
10.Nd5 Qd511.Qd5 Rd5 12.Ng5 line;} (9. d5 $5 Nxd5 (9... Nb4 10. h3 Bh5 (10...
Bxf3 11. Qxf3 Nbxd5 (11... Nxc2 $2 12. Qf5+ $18) (11... g6 12. Bf4 $36) 12. Rd1
e6 13. Nxd5 exd5 14. c4 $36 c6 15. cxd5 Nxd5 16. Qxf7 Qd7 $14) 11. Bf4 Qc5 (
11... Qd7 $2 12. Qd4 Bxf3 13. Qa7 Qf5 14. Bxf3 Nxc2 15. d6 $18) 12. Be3 Qa5 $6
{im Lichte der neuesten Partien sieht dieser Zug sehr gewagt aus.} ({Ich rege
daher} 12... Qd6 {an. Die folgenden Varianten sind noch nicht voll ausgereift
und ich bin schon auf weitere Partien hierzu gespannt!} 13. Bf4 (13. Qd4 $6
Bxf3 $1 (13... Nxc2 14. Qa7 Bxf3 15. Bc5 Qxc5 16. Qxc5 Bxg2 17. Kxg2 Nxa1 18.
Rxa1) 14. Bxf3 Nxc2 15. Qa7 Nxe3 16. fxe3 Qxg3+ $36) (13. g4 $5 Bg6 14. Qd4 $1
{Dies muss sehr genau geprüft werden. Ich gebe nur einige Ideen an:} (14. Nd4
Nbxd5 15. Qf3 e5) 14... Nxc2 (14... Nfxd5 15. Nxd5 (15. Qa7 c6) 15... Nxd5 16.
Qa7 Nxe3 17. fxe3 c6 18. Ng5 Qg3 {Kotronias analiz}) 15. Qa7 Nxa1 (15... Nxe3
16. fxe3 Qb6 17. Qxb6 cxb6 18. Ne5 $13 {(Melts)}) 16. Bc5 Qf4 17. Be3 Qd6 18.
Rxa1 e5 19. dxe6 (19. Na4) 19... fxe6 20. Qa8+ Kd7 21. Qxb7 Ke8 22. Rd1 Be4 $13
) 13... Qc5 (13... e5 $2 14. Bxe5 Bxf3 15. Bxd6 Bxd1 16. Bxf8 Rhxf8 17. Rfxd1
$16) 14. Be3 (14. g4 $2 Nbxd5) 14... Qd6) 13. g4 $1 (13. Qd4 Nxc2 (13... Nfxd5
14. Qa7 Nxe3 15. fxe3 $13) 14. Qa7 Bxf3 15. Bxf3 Nxe3 (15... Qb4 $2 16. Bc5
Qxb2 17. Rab1 Qxc3 18. Qxb7+ Kd7 19. Qc6+ Kc8 20. d6 $18) 16. Qa8+ {Nataf
forciert lieber remis als sich auf} (16. fxe3 Qb6 17. Qxb6 cxb6 $13 {
einzulassen.}) 16... Kd7 17. Qxb7 Nxf1 18. Qc6+ Kc8 19. Qa8+ Kd7 20. Qc6+ Kc8
21. Qa8+ {1/2-1/2 Nataf,I-Fressinet,L/Vichy 2000/CBM}) 13... Nbxd5 $2 $146 (
13... Bg6 14. Nd4 $1 (14. Qd4 {1-0 Dochev,D-Panbukchian,V/BUL-ch 1994/TD 94\03
(42). (41)}) 14... Nbxd5 (14... Rxd5 $5 $44) 15. Nb3 Qb4 16. Nxd5 Nxd5 17. Bxd5
e6 18. c3 Qb5 19. c4 Qe8 20. Bxb7+ Kxb7 21. Qf3+ $40) 14. Nxd5 Rxd5 (14... Nxd5
15. Bd2 Qc5 16. gxh5 Nf4 17. Re1 $16) 15. Bd2 Rxd2 16. Qxd2 $16 Qxd2 17. Nxd2
Bg6 18. Nc4 e6 (18... Bxc2 19. Rac1 Bg6 20. Rfd1 c6 21. Ne5 e6 22. g5 Nh5 23.
Nxc6 bxc6 24. Rxc6+ $18) 19. Rfd1 Be7 20. Ne5 $36 {1-0 Kotronias,V-Godena,M/
Batumi 2002/CBM 90/}) 10. Nxd5 Qxd5 11. Qxd5 Rxd5 12. Ng5 $36 {1/2-1/2 Lakos,
N-Perez,R/Ortigueira 2002/CBM 89 ext (16)}) (9. Bf4 Qb4 $5 10. Ne2 (10. d5 e5
11. Bd2 Nd4 $36 {0-1 Klinova,M-Gofshtein,L/Hoogeveen 2001/CBM 84 ext (26)})
10... e6 (10... Bxf3 $5 11. Bxf3 Nxd4) 11. Bd2 Qb6 12. c3 Be7 13. a4 a5 $132 {
1/2-1/2 Mitkov,N-Spraggett,K/Barreiro 2001/EXT 2002 (44)}) 9... Bh5 10. Bf4 (
10. Be3 e5 11. dxe5 Nxe5 12. g4 Qxd1 13. Raxd1 Rxd1 14. Rxd1 Nxf3+ 15. Bxf3 Bg6
16. g5 Bh5 17. Bxh5 Nxh5 18. Nd5 b5 19. Kg2 {1/2-1/2 Godena,M-Zaitsev,V/
Montecatini Terme 1999/EXT 2000 (19)}) (10. g4 Bg6 11. Be3 e6 $5 (11... e5 $5))
10... Qb4 11. a3 Qxb2 12. Na4 (12. Qd2 Bxf3 13. Rfb1 Qxa1 14. Rxa1 Bxg2 15.
Kxg2 e5 $36) 12... Bxf3 $5 {Probably only move, since 12...Qb5 is too risky;} (
12... Qb5 13. c4 Qxc4 14. Rc1 Bxf3 15. Bxf3 $44) 13. Qxf3 Qxd4 14. Qb3 (14. Nc3
Qc4 {and no compensation for sacrificed material;}) 14... Na5 15. Bxb7+ $5 {
[%mdl 640] Practical chance only; White just tries to confuse his opponent; In
case of 15.Qb4 black easily stops the attack of white;} (15. Qb4 Qxb4 16. axb4
Nc4 $5) 15... Nxb7 {Nothing clear in 15...Kb8 line;} (15... Kb8 16. Qf3 $5 Nxb7
17. Qc6 (17. Rab1 Qe4 (17... Qd5 18. Qc3 e5 19. Bxe5 Ne8 20. Rfe1 $13) 18. Qc3
e5 19. Bxe5 Rd7 20. Nb6 Re7 $13) 17... Rd6 18. Bxd6 Qxd6 19. Qc4 e6 20. Rfd1
Nd5) 16. Rab1 Nd6 $5 (16... Qe4 17. Qb6 $40) 17. Bxd6 (17. Rfd1 Qa7) 17... Rxd6
$8 (17... exd6 $2 18. Qb7+ Kd7 19. Nb6+ Ke6 20. Rfe1+ Kf5 21. Qxc7 $40 Re8 (
21... d5 22. Rbd1 Qc5 23. Qf4+ Kg6 24. Re5 h5 25. Qf5+ Kh6 26. g4) 22. Rxe8
Nxe8 23. Qc8+ Kg6 24. Qxe8) 18. c4 $5 {White plays very creatively in this
attack, and finds out new threats; 19.c5 threat is very annoying;} Ne4 {
Black returns the piece, but repulses white's attack this way;} (18... Qa7 19.
c5 Rd5 20. Nb6+ cxb6 21. cxb6 Qb7 22. Rfc1+ Kd8 23. Rc7 Qb8 24. Qc4 e5 25. b7
Qxc7 26. Qxc7+ Kxc7 27. b8=Q+ Kd7 28. Rb7+ Ke6 29. Qc8+ $36) 19. Qb7+ Kd8 20.
Qa8+ Kd7 21. Qxe4 Qxe4 22. Nc5+ Kc6 23. Nxe4 {[%mdl 4096]} Re6 $5 (23... Rd7
24. Rb8 e5 25. Rfb1 h6 26. Ra8 $36) (23... Rd8 $2 24. Ng5 $16) 24. Ng5 Rf6 25.
f4 e5 {Simplier is 25...e6 26.Kg2 Bd6 , finishing development and entering Rh8
in;} (25... e6 $5 26. Kg2 Bd6) 26. Nf3 {Another surprising move- white is
fightin for advantage;} (26. fxe5 Rxf1+ 27. Kxf1 Bxa3 28. Ra1 Be7 $11) 26...
Bc5+ 27. Kg2 exf4 28. Ne5+ Kd6 29. gxf4 Rd8 (29... Ra8 $5 30. Rfd1+ Ke6 31. Rd5
Bd6 32. Re1 Ke7) 30. Nxf7+ Rxf7 31. Rbd1+ Kc6 32. Rxd8 Bxa3 $44 {Black has
full compensation for an exchange;} 33. Ra1 Bd6 34. Ra8 Rxf4 35. R8xa6+ 1/2-1/2

[Event "Maccabiah GM 16th"]
[Site "Tel Aviv"]
[Date "2001.07.16"]
[Round "2"]
[White "Golod, Vitali"]
[Black "Bitensky, Igor"]
[Result "1-0"]
[WhiteElo "2514"]
[BlackElo "2363"]
[Annotator "Golod,V"]
[PlyCount "75"]
[EventDate "2001.07.15"]
[EventType "tourn"]
[EventRounds "9"]
[EventCountry "ISR"]
[EventCategory "8"]
[SourceTitle "CBM 083 Extra"]
[Source "ChessBase"]
[SourceDate "2001.09.11"]
[SourceVersion "1"]
[SourceVersionDate "2001.09.11"]
[SourceQuality "1"]

1. e4 d5 2. exd5 Qxd5 3. Nc3 Qa5 4. d4 Nf6 5. Nf3 c6 6. Bc4 Bf5 7. Bd2 e6 8.
Ne4 $5 (8. Nd5 $5 {See comments to Zhang Zhong-Nisipeanu,L/Cap d'Agde,2000/CBM
80(0-1) (Mueller,Karsten)(33)}) 8... Qc7 9. Nxf6+ gxf6 10. Qe2 Nd7 ({Pretty
dubiously:} 10... Bxc2 {in view of:} 11. d5 $36 {[%csl Re8]}) 11. O-O-O $5 ({
Is a possible continuation of the play:} 11. Bb3 $5 {You can see comments to
Reichmann,H-Westphal,W/Bremen,1998/CBM 68(0-1) (Mueller,Karsten)(46)}) 11...
O-O-O 12. Nh4 Bg6 13. c3 {In this position usually played:} (13. Bb3 $5 {
See comments to games: Nunn,J-Conquest,S/Hastings,1996/Inf 68/85 (1-0)  (Nunn,
J)(32) and Tkachiev,V-Ricardi,P/Villa Martelli,1997/CBM 60(1/2-1/2)(Mueller,
Karsten)  (64)}) 13... Nb6 {This move much better,than:} (13... c5 14. d5 Nb6
15. Nxg6 hxg6 16. dxe6 Rxd2 17. Rxd2 Bh6 18. Rhd1 $16 {Psakhis,L-Gausel,E/
Ohrid,2001(1-0)(50)}) 14. Bb3 c5 $146 ({Was checked in the previous games:} 
14... Bd6 $6 15. g3 c5 16. Nxg6 hxg6 17. dxc5 Bxc5 18. h4 $14 {Shchekachev,
A-Koeller,O/Bad Zwesten,1999 (1-0)(38)}) (14... Nd5 $5 15. Qf3 (15. g3 $5)
15... Bg7 16. Nxg6 hxg6 17. h4 f5 18. Kb1 Bh6 19. Bxh6 Rxh6 20. g3 Kb8 {
+/=/=; 1/2-1/2 Waitzkin,J-Hauchard,A/NewYork,1999(20)}) 15. dxc5 {This order
of moves is exacter,than:} (15. Nxg6 hxg6 16. dxc5 {in view of an additional
opportunity, which appears for black:} Qxc5 {/\Bh6}) 15... Bxc5 16. Nxg6 hxg6
17. h4 {[%mdl 32] My plan is: 1)Protection of pawn "f2"; 2)to play in the
suitable moment -" h5" (right away) or,after "g4".} Nd7 ({It deserves
attention:} 17... Qe5 18. Qf3 f5 19. Bg5 {+/=/=}) 18. g3 $14 ({Now dubiously:} 
18. h5 {because of:} gxh5 19. Rxh5 Rxh5 20. Qxh5 Ne5 $36 {[%csl Rf2][%cal
Ge5d3]}) 18... Qb6 {[%csl Rf2]} 19. Rhf1 $1 {[%csl Yf1][%cal Yf1f2] Yet it
does not cost to move pawn "f2".} Ne5 $6 ({Again can be recommended:} 19... f5)
20. Bf4 Rxd1+ 21. Bxd1 Rd8 (21... Bxf2 $2 {is refuted by:} 22. Bxe5 Be3+ $8 (
22... Qe3+ $4 23. Kb1 $18 {[%csl Rf2]}) 23. Kb1 fxe5 24. Rxf7 $16) 22. Bc2 Nc6
23. g4 $1 {[%cal Gh4h5][%mdl 32] The most suitable time now has come to lead
the my plan in life.} ({Leads to unclear position:} 23. Bxg6 fxg6 24. Qxe6+ Rd7
25. Rd1 Qd8 $8 (25... Nb8 $2 26. Qe8+ Rd8 27. Rxd8+ Qxd8 28. Qxd8+ Kxd8 29.
Bxb8 Bxf2 30. Kd2 $16) 26. Rxd7 Qxd7 27. Qxf6 $13) 23... Ne7 24. h5 {[%csl Gh5]
o^} Nd5 25. Bd2 g5 $6 ({More stubborn resistance after:} 25... gxh5 26. gxh5 f5
27. h6 {+/=/+/-}) 26. h6 Qd6 27. h7 $1 {[%csl Gh7]} Nf4 $140 28. Bxf4 {[%mdl
32] Now this bishop for me is not so necessary!} Qxf4+ 29. Kb1 $16 Rh8 30. Rd1
$1 {<->d:עc8} a6 {[%csl Rb5][%cal Ya6b5]} ({Loses right away:} 30... Bxf2 $2
31. Rf1 {[%csl Rf2]}) ({and} 30... Qxf2 $2 31. Qd3 $18 {[%csl Rc8,Gh7][%cal
Gd3d7]}) 31. b4 Bf8 $2 {Decisive mistake.} ({It was necessary:} 31... Bb6 $8
32. Qd3 $140 Qc7 $16 {[%csl Yc7]}) 32. Rd4 {[%csl Rc8]} Qe5 33. Qc4+ $1 Qc7
$140 34. Qd3 $18 {[%cal Gd4c4] It is strong idea as a matter of fact decides a
game.} Qb6 (34... Kb8 $144 35. Rd8+ Ka7 36. Kb2 {[%cal Gd3d4]} (36. Qd4+ $2 Bc5
37. Rxh8 Bxd4 38. cxd4 Qc3 $132) 36... Bg7 $140 37. Qd4+ Qb6 (37... b6 38. Rd7)
38. Qxb6+ Kxb6 39. Rg8 $18 {[%csl Yg7,Gg8,Rh8][%cal Gg8g7,Yg7h8]}) (34... b5
$144 35. Qf3 {[%csl Rf6][%cal Gf3a8,Gf3f6]}) 35. Rc4+ Kb8 36. Qd7 Qxf2 (36...
Bd6 37. Qxf7 {[%cal Gf7g8,Gf7e6,Gf7f6]}) 37. Rc8+ Ka7 38. Qd8 {[%csl Ra7][%cal
Gc8a8]} 1-0

[Event "Ghent op 28th"]
[Site "Ghent"]
[Date "2005.07.18"]
[Round "5"]
[White "Leenhouts, Koen"]
[Black "Degraeve, Jean Marc"]
[Result "0-1"]
[WhiteElo "2403"]
[BlackElo "2546"]
[Annotator "Gutman,L"]
[PlyCount "58"]
[EventDate "2005.07.16"]
[EventType "swiss"]
[EventRounds "9"]
[EventCountry "BEL"]
[SourceTitle "CBM 107 Extra"]
[Source "ChessBase"]
[SourceDate "2005.09.01"]
[SourceVersion "1"]
[SourceVersionDate "2005.09.01"]
[SourceQuality "1"]

1. e4 d5 2. exd5 Qxd5 3. Nc3 Qa5 4. Bc4 Nf6 5. d3 {Meine Lieblingsvariante
gegen Skandinavisch.} c6 6. Nge2 (6. Bd2 Qc7 7. Qe2 {wurde ebenfalls getestet.}
) 6... g6 {Eine relativ neue Idee} 7. O-O (7. Bd2 $5 {kommt ernsthaft in
Betracht, man sehe:} Bg7 (7... Qc7 8. Qc1) 8. Nd5 Qd8 9. Nxf6+ Bxf6 10. Qc1 O-O
11. Bh6) 7... Bg7 8. Ng3 (8. Bd2 $5 O-O 9. Qc1 {gefällt immer noch besser.})
8... O-O (8... Nbd7 $6 9. Re1 b5 10. Bb3 Nc5 11. Qf3 Bd7 12. Be3 Nb7 13. Bd4 {
brachte Schwarz in Bedrängnis, Dezemer-Eising, Vlissingen 2003.}) 9. Qe2 ({
Der Läufer auf g7 ist aktiver als der weißer auf c1; besser ist} 9. Bd2 $5 Qc7
10. Qc1) (9. f4 Nbd7 10. a3 Qc5+ 11. Kh1 Nb6 12. Ba2 Nbd5 13. Nce4 Nxe4 14.
Nxe4 Qb6 15. Qe2 Qc7 {ergab gutes Spiel für Schwarz in
Helvensteijn-Iordachescu, Mendon 2002.}) 9... Qc7 10. Re1 e6 11. a4 Nbd7 12. a5
Nd5 {Für Weiß ist es nicht leicht, eine Beschäftigung für den schwarzfeldrigen
Läufer zu finden, und damit auch einen guten Plan.} 13. Bd2 Rb8 14. Bb3 Nc5 15.
Bxd5 exd5 16. Qf3 Ne6 17. Nge2 Bd7 18. Na4 Rfe8 19. c3 Qxa5 20. Nf4 Nxf4 21.
Qxf4 Rxe1+ 22. Rxe1 Re8 23. Rxe8+ Bxe8 24. Qb8 Qxa4 25. Qxe8+ Bf8 26. Qe2 Qc2
27. b4 d4 28. cxd4 Bxb4 29. Qe8+ Bf8 0-1

[Event "Donner Memorial"]
[Site "Amsterdam"]
[Date "1996.08.18"]
[Round "2"]
[White "Timman, Jan H"]
[Black "Piket, Jeroen"]
[Result "0-1"]
[WhiteElo "2590"]
[BlackElo "2580"]
[Annotator "Har Zvi,R"]
[PlyCount "34"]
[EventDate "1996.08.17"]
[EventType "tourn"]
[EventRounds "11"]
[EventCountry "NED"]
[EventCategory "16"]
[SourceTitle "CBM 055"]
[Source "ChessBase"]
[SourceDate "1996.12.01"]
[SourceVersion "1"]
[SourceVersionDate "1996.12.01"]
[SourceQuality "1"]

1. e4 d5 2. exd5 Qxd5 3. Nc3 Qa5 4. d4 Nf6 5. Nf3 Bf5 6. Bc4 e6 7. Bd2 c6 8.
Qe2 Bb4 (8... Bxc2 $2 9. d5) (8... Nbd7 $2 9. d5 $1 $16 {ECO}) 9. a3 (9. O-O-O
Nbd7 10. Nh4 Bg4 11. f3 Bxc3 12. bxc3 (12. Bxc3 $2 Qg5+) 12... Bh5 13. g4 (13.
Bb3 O-O-O 14. Kb2 Qc7 15. g4 Bg6 16. Ng2 h5 17. g5 Ng8 18. Bf4 $14 {Smagin,
S-Levin,F Novgorod (open) 64/92 [Smagin,S]}) 13... Bg6 14. Nxg6 hxg6 15. Bb3
Qa3+ 16. Kb1 a5 17. Bc1 Qd6 18. a3 Nd5 19. Qd3 b5 20. c4 bxc4 21. Qxc4 $13 {
/=/+ Barua,D-Speelman,J Calcutta op 1996}) 9... Nbd7 (9... Bg4 10. O-O-O (10.
Qe3 Bxf3 11. Qxf3 Nd5 12. O-O Bxc3 13. bxc3 O-O 14. Rfe1 Nd7 15. Bd3 $36 {
Schmittdiel,E-Reefschlaeger,H GER-ch 1994}) 10... Bxc3 11. Bxc3 Qh5 12. h3 Bxf3
13. gxf3 Nbd7 14. Rdg1 O-O-O 15. Bd2 $13 {Psahis,L-Kurajica Sarajevo 1981}) (
9... Bxc3 10. Bxc3 Qc7 11. O-O-O Nbd7 12. Ne5 b5 (12... Nd5 13. Bd2 Nxe5 14.
dxe5 O-O-O 15. g4 $1 Bg6 16. f4 $14 {Psakhis,L-Wahls,M Baden Baden 56/115 1992}
) 13. Bd3 (13. Bb3 Be4 $1 14. Rhe1 Bd5 $10) 13... O-O 14. Bxf5 exf5 15. Qf3 Nd5
$8 16. Qxf5 Nxc3 17. Nxd7 (17. bxc3 Nb6 $44) 17... Nxd1 18. Nxf8 Rxf8 19. Rxd1
Qxh2 {1/2-1/2 Almasi,Z-Dautov,R Altensteig 62/(92)}) (9... Nd5 10. Bxd5 $1 cxd5
11. Qb5+ $1 Qxb5 12. Nxb5 Bxd2+ 13. Kxd2 Na6 (13... Kd7 14. Ne5+) 14. Nd6+ Ke7
15. Nxf5+ exf5 16. Rae1+ $14 {/+/-}) 10. Nh4 $2 Bxc2 11. O-O Bxc3 12. Bxc3 Qh5
13. Qxc2 Qxh4 $19 14. f4 (14. Rae1 Nb6 15. g3 Qh3 16. Bd3 O-O {Stanke,
J-Hermann,Man BL2-N 9495 1994}) 14... Nb6 15. Ba6 $4 {this move showes it
completely was not Timman day missing Nfd7} bxa6 16. Be1 Qh5 17. Qxc6+ Nfd7 0-1

[Event "EU-ch 1st"]
[Site "Saint Vincent"]
[Date "2000.07.12"]
[Round "9"]
[White "Sax, Gyula"]
[Black "Simonenko, Sergei"]
[Result "1-0"]
[WhiteElo "2563"]
[BlackElo "2465"]
[Annotator "Hecht,H"]
[PlyCount "87"]
[EventDate "2000.07.03"]
[EventType "swiss"]
[EventRounds "11"]
[EventCountry "ITA"]
[SourceTitle "CBM 078"]
[Source "ChessBase"]
[SourceDate "2000.10.18"]
[SourceVersion "1"]
[SourceVersionDate "2000.10.18"]
[SourceQuality "1"]

1. e4 d5 2. exd5 Qxd5 3. Nc3 Qa5 4. d4 Nf6 5. Nf3 c6 6. Ne5 Be6 7. Bd3 Nbd7 8.
Nxd7 Bxd7 9. O-O Bg4 10. f3 Bh5 11. Qe1 Bg6 12. Bxg6 hxg6 13. Qe5 Qd8 14. Bf4
Nh5 15. Be3 e6 16. Ne4 Be7 17. c4 Nf6 18. h3 Rh5 19. Qg3 Qb6 20. b3 O-O-O 21.
Rab1 Qa5 22. Qf2 Rd7 23. Rfd1 Nxe4 24. fxe4 Bh4 25. Qe2 Qc7 26. d5 Bg5 27. dxe6
fxe6 28. Rxd7 Bxe3+ 29. Qxe3 Qxd7 30. Qxa7 c5 31. Qa8+ Kc7 32. Qa5+ Kc6 33.
Qb5+ Kc7 34. Qxd7+ Kxd7 {ein weißer Mehrbauer bei schlechter schwarzer
Bauernstruktur. Taktischer Patzer Zug 44 in verlorener Stellung. Motiv:
Seitenfesselung zwecks Ablenkung.} 35. Kf2 Rh4 36. Kf3 g5 37. b4 Kd6 38. bxc5+
Ke5 39. Rb5 Rf4+ 40. Kg3 Kxe4 41. Rxb7 Rf5 (41... Kd3 $142 42. c6 Rxc4 43. c7
e5 44. a4 e4 45. a5 e3 46. a6 e2 47. Rb3+ $1 Kd2 (47... Kd4 48. Kf2 Rxc7 49.
Ra3 Ra7 50. Kxe2 $18) (47... Kc2 48. Re3 Rxc7 49. Rxe2+ Kb3 50. Kg4 $18) 48.
Rb2+ Kd1 49. Rxe2 Kxe2 50. a7 $18) 42. c6 Rc5 43. c7 Rxc4 44. Rb4 $1 1-0

[Event "Yangon zt"]
[Site "Yangon"]
[Date "1998.12.13"]
[Round "6"]
[White "Lioe, Dede"]
[Black "Handoko, Edhi"]
[Result "1/2-1/2"]
[WhiteElo "2375"]
[BlackElo "2470"]
[Annotator "Hecht,H"]
[PlyCount "117"]
[EventDate "1998.12.??"]
[EventType "swiss"]
[EventRounds "9"]
[EventCountry "BUR"]
[SourceTitle "CBM 069"]
[Source "ChessBase"]
[SourceDate "1999.04.01"]
[SourceVersion "1"]
[SourceVersionDate "1999.04.01"]
[SourceQuality "1"]

1. e4 d5 2. exd5 Nf6 3. d4 Nxd5 4. c4 Nb6 5. Nc3 e5 6. dxe5 Qxd1+ 7. Nxd1 Nc6
8. f4 Be6 9. Ne3 Bc5 10. Nf3 O-O-O 11. Ng5 Nb4 12. a3 Nd3+ 13. Bxd3 Rxd3 14.
Nxe6 fxe6 15. Ke2 Rb3 16. Ra2 Rd8 17. Rf1 Rd4 18. Nd1 Nxc4 19. Rf3 Na5 20. Nc3
Rd8 21. Ne4 Be7 22. Nd2 Rxf3 23. Kxf3 c5 24. Ra1 c4 25. Rb1 b5 26. Ke2 Kc7 27.
Nf3 Nb3 28. Be3 Bc5 29. Ng5 Re8 30. Rd1 h6 31. Ne4 Bxe3 32. Kxe3 Rd8 33. Rxd8
Kxd8 34. Nd6 a6 35. a4 c3 36. bxc3 bxa4 37. Nc4 Kc7 38. Kd3 Kc6 39. Kc2 Nc5 40.
Ne3 a3 41. g3 a2 42. Kb2 Na4+ 43. Kxa2 Nxc3+ 44. Kb3 Nd5 45. Nc4 Kc5 46. Nd6
Kd4 (46... Ne3 47. Ne8 g6 48. Nc7) 47. Ka4 {[#] Die schwarzen Bauern g7 und e6
sind im Bereich des weißen Springers und der Ba6 in dem des weißen Königs und
somit verwundbar.} g5 {Reduziert das Bauernmaterial so heftig, daß ein Gewinn
praktisch nicht möglich ist.} (47... h5 {[%csl Rh2][%cal Yh5h4,Yh4h3]} 48. Nf7
{[%csl Re6][%cal Yf7g5] sieht auch nicht besser aus.}) 48. fxg5 hxg5 49. h4
gxh4 50. gxh4 Kxe5 51. Nb7 Nc7 (51... Kd4 52. Nd8 e5 53. Nc6+ Ke4 54. Ka5 Nc7
55. h5 Kf5 56. h6 $11) 52. Ka5 Kd5 53. h5 Ne8 54. h6 Nf6 55. Kxa6 e5 56. Kb5 e4
57. Nc5 e3 58. Nd3 Kd4 59. Nf4 1/2-1/2

[Event "USA-ch"]
[Site "Parsippany"]
[Date "1996.??.??"]
[Round "7"]
[White "Shaked, Tal"]
[Black "Shabalov, Alexander"]
[Result "0-1"]
[WhiteElo "2440"]
[BlackElo "2565"]
[Annotator "Hecht,H"]
[PlyCount "106"]
[EventDate "1996.07.13"]
[EventType "tourn"]
[EventRounds "13"]
[EventCountry "USA"]
[EventCategory "12"]
[SourceTitle "CBM 055"]
[Source "ChessBase"]
[SourceDate "1996.12.01"]
[SourceVersion "1"]
[SourceVersionDate "1996.12.01"]
[SourceQuality "1"]

1. e4 d5 2. exd5 Qxd5 3. Nc3 Qa5 4. d4 Nf6 5. Nf3 c6 6. Bc4 Bg4 7. Qd3 Nbd7 8.
Bd2 Qc7 9. h3 Bxf3 10. Qxf3 e6 11. Rd1 Bd6 12. O-O O-O 13. Ne4 Nxe4 14. Qxe4
Rfe8 15. Rfe1 a6 16. Bd3 g6 17. Qf3 Bf8 18. c3 c5 19. dxc5 Nxc5 20. Bc2 a5 21.
Bf4 Qb6 22. b3 Rac8 23. Be5 Bg7 24. Rd6 Qc7 25. Bg3 Qe7 26. Red1 Rf8 27. a3 h5
28. b4 h4 29. Bh2 Na6 30. Rd7 Qf6 31. Qxf6 Bxf6 32. Bd6 Rfe8 33. Rxb7 Rxc3 34.
Bd3 Rd8 35. Bxa6 Rc6 36. Be2 Rcxd6 37. Rxd6 Rxd6 {[#] Nach Vernichtung des
wK-Flügels Einkreisen des isolierten wK und Mattangriff; Taktik} 38. bxa5 Rd2
39. Bf1 Bd4 40. a6 Bxf2+ 41. Kh1 Rd1 42. g4 hxg3 (42... Rxf1+ 43. Kg2 Ra1 44.
Kxf2 Ra2+ 45. Kg1 Rxa3 46. a7 Kg7 47. g5 $10) 43. Kg2 Rd2 44. a7 (44. Kf3 Ra2
$19) (44. Kh1 Be3 $19) 44... Bxa7+ 45. Kxg3 Bf2+ 46. Kf3 Bc5 47. Bb5 Rh2 48. a4
Rxh3+ 49. Kg4 Rb3 50. Rc7 Bd6 51. Rd7 Be5 52. Ra7 Kg7 53. Be8 Kh6 $1 0-1